Ako môžu plánovači ovplyvniť rozvoj sídlisk? Rozličné perspektívy prinášajú rozličné odpovede

Problematika revitalizácie a rozvoja sídlisk, ktorá naberá na význame, v praxi však nezriedka naráža na otázku, či vôbec a akým spôsobom môžu mať predstavitelia miest a obcí, odborníci a najmä plánovači na dianie na sídliskách reálny vplyv. Skúmanie z troch perspektív, a to cez optiku vymedzených ča...

Descripción completa

Guardado en:
Detalles Bibliográficos
Autor principal: Dobrucká, Lucia
Formato: Capítulo de libro
Lenguaje:eslovaco
Materias:
Etiquetas: Agregar Etiqueta
Sin Etiquetas, Sea el primero en etiquetar este registro!

MARC

LEADER 00000naa a2200000 4500
001 0277446
005 20210723105134.2
041 0 |a slo 
044 |a CZ 
245 1 0 |a Ako môžu plánovači ovplyvniť rozvoj sídlisk? Rozličné perspektívy prinášajú rozličné odpovede  |c Lucia Dobrucká 
520 |a Problematika revitalizácie a rozvoja sídlisk, ktorá naberá na význame, v praxi však nezriedka naráža na otázku, či vôbec a akým spôsobom môžu mať predstavitelia miest a obcí, odborníci a najmä plánovači na dianie na sídliskách reálny vplyv. Skúmanie z troch perspektív, a to cez optiku vymedzených časových úsekov, kontinuálneho vývoja a jednotlivcov. Výber perspektívy zásadne mení naše vnímanie skúmaného javu/aspektu aj jeho kontextu, a že každá z uvedených troch perspektív upozorňuje plánovačov na iné možnosti a nástroje. 
610 2 0 |a rozvoj územný 
610 2 0 |a mestá 
610 2 0 |a sídliská 
610 2 0 |a plánovanie 
100 1 |a Dobrucká, Lucia